Česká architektura-Czech Architecture : Ročenka - Yearbook 2006-2007 /
Salvato in:
| Natura: | Libro |
|---|---|
| Lingua: | ceco |
| Pubblicazione: |
Praha :
Prostor,
2008
|
| Soggetti: | |
| Tags: |
Nessun Tag, puoi essere il primo ad aggiungerne!!
|
MARC
| LEADER | 00000nam a22000003a 4500 | ||
|---|---|---|---|
| 001 | stu179934 | ||
| 005 | 20141123064734.7 | ||
| 008 | 090212s2008------------------------cze-d | ||
| 020 | |a 978-80-87064-02-3 | ||
| 040 | |a STU |b slo | ||
| 041 | 0 | |a cze | |
| 245 | |a Česká architektura-Czech Architecture : |b Ročenka - Yearbook 2006-2007 / |c Zost. Jan Šépka | ||
| 260 | |a Praha : |b Prostor, |c 2008 | ||
| 300 | |a 243 s | ||
| 650 | 7 | |a architektúra česká |2 stusub | |
| 996 | |b 284AU04228 |c A*6250 U |l AAKNAR |s A |a 24 |w stu179934_0001 | ||